BALLON D'OR WINNERS - Statistics

General Stats
  • This quiz has been taken 42 times
  • The average score is 30 of 35
Answer Stats
Hint Answer Clubs Nationally % Correct
2017 Christiano Ronaldo Real Madrid Portugal
100%
2016 Christiano Ronaldo Real Madrid Portugal
100%
2014 Christiano Ronaldo Real Madrid Portugal
100%
2013 Christiano Ronaldo Real Madrid Portugal
100%
2008 Christiano Ronaldo Manchester United Portugal
100%
2021 Lionel Messi Paris Saint-Germain Argentina
100%
2019 Lionel Messi Paris saint-Germain Argentina
100%
2015 Lionel Messi Barcelona Argentina
100%
2012 Lionel Messi Barcelona Argentina
100%
2011 Lionel Messi Barcelona Argentina
100%
2010 Lionel Messi Barcelona Argentina
100%
2009 Lionel Messi Barcelona Argentina
100%
2018 Luka Modric Real Madrid Croatia
100%
2002 Ronaldo Real Madrid Brazil
100%
1997 Ronaldo Internazionale Brazil
100%
2007 Kaka Milan Brazil
97%
2022 Karim Benzema Real Madrid France
97%
2005 Ronaldinho Barcelona Brazil
97%
1998 Zinedine Zidane Juventus France
89%
2004 Andriy Shevchenko Milan Ukraine
86%
1992 Marco Van Basten Milan Netherlands
86%
1989 Marco Van Basten Milan Netherlands
86%
1988 Marco Van Basten Milan Netherlands
86%
2006 Fabio Cannavaro Real Madrid Italy
80%
2000 Luis Figo Real Madrid Portugal
80%
1995 George Weah Milan Liberia
77%
1999 Rivaldo Barcelona Brazil
77%
2001 Michael Owen Liverpool England
74%
2003 Pavel Nedvěd Juventus Czech Republic
74%
1990 Lothar Matthäus Internazionale Germany
63%
1994 Hristo Stoichkov Barcelona Bulgaria
60%
1993 Roberto Baggio Juventus Italy
54%
1991 Jean-Pierre Papin Marseille France
49%
1996 Matthias Sammer Borussia Dortmund Germany
43%
1987 Ruud Gullit Milan Netherlands
23%
No matching quizzes found
Score Distribution
Percent of People with Each Score
Percentile by Number Answered
Your Score History
You have not taken this quiz